Aprendo a escribir con letra cursiva. 1era parte Apresto y pre-escritura.

Gespeichert in:
Bibliographische Detailangaben
Hauptverfasser: Clerc, Teresa, Valenzuela, Sylvia (VerfasserIn)
Format: Buch
Sprache:Spanisch
Erschienen: Santiago Ediciones Fidecoop 1980
Ausgabe:1° ed.
Katalog:MANES:  Suchergebnis im Bibliothekskatalog
Schulbuchspezifische Eigenschaften:
Tags: Tag hinzufügen
Keine Tags, Fügen Sie den ersten Tag hinzu!
Hinzugefügt zu:17.03.2020
Geändert in:25.04.2025

MARC

LEADER 00000nam a22000007a 4500
005 20250425101451.0
008 200318b ||||| |||| 00| 0 spa d
040 |a MGM 
561 |5 cl-MGM  |3 T 372.6340202 C629a 1980 1°B (1aP)  |a Chile. Museo Gabriela Mistral  |k MANES 
999 |c 88015  |d 88015 
100 |9 21675  |a Clerc, Teresa 
245 |a Aprendo a escribir con letra cursiva. 1era parte Apresto y pre-escritura. 
250 |a 1° ed. 
260 |a Santiago  |b Ediciones Fidecoop  |c 1980 
300 |a 83 p.  |c 20,8 x 31 cm 
546 |a Chile  
690 |a EyL 
691 |a IN 
700 |9 21676  |a Valenzuela, Sylvia  |e Autor secundario 
942 |2 ddc  |c BK 
999 |c manes:88015  |d 88015